000 00510nam a2200205Ia 4500
003 GCL
008 140319s9999 xx 000 0 eng d
040 _aGCL /
_cGCL
082 0 4 _a966.3
_bN P
100 1 _aNEBAUT, ALBERT
245 1 0 _aPASSIONS AFRICAINES /
_cNEBAUT, ALBERT
700 1 _aBIORARD, FRANCAIS
700 1 _aDAUBA, CLAUDINE
260 _a[S.N] :
_bEBOUS ،
_c1995
300 _a338 P
650 0 4 _aHISTORY
650 0 4 _aAFRICA - HISTORY
650 0 4 _aSENEGAL - HISTORY
942 _2ddc
_cBK
999 _c16113
_d16113